| 000 | 01171cam a2200361zi 4500 | ||
|---|---|---|---|
| 001 | 14604124 | ||
| 003 | EG-ScBUE | ||
| 005 | 20250512100737.0 | ||
| 008 | 181015t2019 enka f b 000 0 eng d | ||
| 020 | _a086356688X | ||
| 020 | _a9780863566882 | ||
| 035 | _a(NhCcYBP)om166824245 | ||
| 035 | _a14604124 | ||
| 040 |
_aNhCcYBP _beng _erda _cNhCcYBP _dEG-ScBUE |
||
| 082 | 0 | 4 |
_222 _a704.04209174927 _bARA |
| 245 | 0 | 0 |
_aArabicity : _bcontemporary Arab art / _cedited by Rose Issa and Juliet Cestar ; contributions by Rose Issa [and three others] |
| 264 | 1 |
_aLondon : _bSaqi Books, _c[2019] |
|
| 264 | 4 | _cc2019 | |
| 300 |
_a159 pages : _bchiefly illustrations (chiefly color) ; _c25 cm |
||
| 336 |
_atext _btxt _2rdacontent |
||
| 336 |
_astill image _bsti _2rdacontent |
||
| 337 |
_aunmediated _bn _2rdamedia |
||
| 338 |
_avolume _bnc _2rdacarrier |
||
| 504 | _aIncludes bibliographical references. | ||
| 650 | 7 |
_aArt, Arab _y20th century. _2BUEsh |
|
| 653 |
_cMay2025 _bART |
||
| 655 | _vReading book | ||
| 700 | 1 |
_aIssa, Rose, _eeditor, _econtributor. |
|
| 700 | 1 |
_aCestar, Juliet, _eeditor. |
|
| 942 |
_2ddc _cBB |
||
| 960 | _a39002134958272 | ||
| 987 | _cON ORDER | ||
| 999 |
_c30968 _d30939 |
||